000 00732nam a22002057a 4500
005 20251108172102.0
008 250721s2003 xx 000 0 ara d
082 1 4 _aم/922.1/صلا
100 1 _aالصلابي، علي محمد محمد
_eمؤلف
245 1 0 _aالإنشراح و رفع الضيق بسيرة أبي بكر الصديق رضي الله عنه :
_bشخصيته و عصره /
264 1 _aالقاهرة :
_bدار الفجر للتراث،
_c2003.
300 _a467 ص
490 0 _aتاريخ الخلفاء الراشدين ؛ 1
650 1 7 _aالإسلام
650 1 7 _aالتراجم
650 1 7 _aالقادة
650 1 7 _aالخلفاء الراشدون
942 _2ddc
_cREF
999 _c70082
_d70082